Pontes de Miranda e a administração pública : (Record no. 86)
[ view plain ]
| 000 -LÍDER | |
|---|---|
| Campo Fixo de Controle | 00882cam a2200265 a 4500 |
| 001 - NÚMERO DE CONTROLE | |
| Campo de Controle | 86 |
| 003 - IDENTIFICAÇÃO DO NÚMERO DE CONTROLE | |
| Campo de Controle | BR-CuiBMT |
| 005 - DATA E HORA DA ÚLTIMA ATUALIZAÇÃO | |
| Campo de Controle | 20231107233401.0 |
| 008 - DADOS FIXOS | |
| Dados Fixos | 230810s2020 mgba 000 0 por d |
| 020 ## - INTERNATIONAL STANDARD BOOK NUMBER | |
| Nº do ISBN | 9786555180312 |
| 040 ## - AGÊNCIA CATALOGADORA | |
| Código da Agência Catalogadora | BR-CuiBMT |
| Agência que transcreveu o registro | BR-CuiBMT |
| 080 ## - Nº DA CLASSIFICAÇÃO DECIMAL UNIVERSAL | |
| Nº edição CDU | 2007 |
| Nº Class. CDU | 342.9 |
| 090 ## - NÚMERO DE CHAMADA | |
| Nº classificação | 342.9 |
| Cutter | C331p |
| 100 1# - ENTRADA PRINCIPAL -- AUTOR PESSOAL | |
| Nome pessoal | Carvalho, Fábio Lins de Lessa |
| 245 10 - TÍTULO PRINCIPAL | |
| Título principal | Pontes de Miranda e a administração pública : |
| Subtítulo | o pensamento ponteano no direito administrativo / |
| Indicação de responsabilidade | Fábio Lins de Lessa Carvalho ; prefácio: Marcos Bernardes de Mello. |
| 260 ## - PUBLICAÇÃO, DISTRIBUIÇÃO, ETC. | |
| Local de publicação | Belo Horizonte : |
| Editora | Fórum, |
| Data | 2020. |
| 300 ## - DESCRIÇÃO FÍSICA | |
| N. páginas ou volumes | 199 p. : |
| Ilustrações | il. ; |
| Dimensões | 22 cm |
| 504 ## - NOTA DE BIBLIOGRAFIA, ETC. | |
| Nota de bibliografia | Inclui bibliografia. |
| 600 14 - ASSUNTO -- NOME PESSOAL | |
| Nome pessoal | Miranda, Pontes de, |
| Datas associadas ao nome | 1892-1979 |
| 650 ## - ASSUNTO TÓPICO | |
| Cabeçalho tópico ou nome geográfico | Advogados |
| Subdivisão geográfica | Brasil |
| Subdivisão geral | História |
| 650 ## - ASSUNTO TÓPICO | |
| Cabeçalho tópico ou nome geográfico | Direito administrativo |
| 650 ## - ASSUNTO TÓPICO | |
| Cabeçalho tópico ou nome geográfico | Direito constitucional |
| 650 ## - ASSUNTO TÓPICO | |
| Cabeçalho tópico ou nome geográfico | História do direito |
| 942 ## - ELEMENTOS DE ENTRADA ADICIONAIS (KOHA) | |
| Fonte de classificação ou esquema de arquivamento | Classificação Decimal Universal |
| Tipo de item do Koha | Livros |
| Estado: removido | Estado: perdido | Fonte de classificação ou esquema de arquivamento | Estado: danificado | Indisponível para empréstimo | Localização permanente | Localização atual | Data de aquisição | Total Checkouts | Número de Chamada completo | Código de barras | Date last seen | Número do exemplar | Preço efetivo a partir de | Tipo de item (Koha) |
|---|---|---|---|---|---|---|---|---|---|---|---|---|---|---|
| Classificação Decimal Universal | Biblioteca da Escola Superior de Contas do TCE/MT | Biblioteca da Escola Superior de Contas do TCE/MT | 28/06/2023 | 342.9 C331p | BIBTCEMT23080062 | 10/08/2023 | Ex. 1 | 10/08/2023 | Livros |